Music Quiz

Random Music or Rock Quiz
Score 0/55 Timer 06:00
4 Plays Today
% Correct
Space Oddity
90.7%
Born to Run
89.5%
Imagine
86.7%
Blowin' in the Wind
84.8%
Starman
84.1%
Free Fallin'
82.5%
Dancing in the Dark
82.5%
Like a Rolling Stone
82.2%
China Girl
81.8%
Tears in Heaven
81.7%
Life on Mars?
81.7%
Glory Days
80.1%
Cocaine
79.4%
Rebel, Rebel
77.7%
Fame
77%
Heroes
76.6%
Wonderful Tonight
76.2%
I Shot the Sheriff
76%
Give Peace a Chance
75.6%
American Girl
74.7%
Sledgehammer
74.2%
Young Americans
73.2%
Me and Bobby McGee
72.9%
Jack & Diane
72.3%
Thunder Road
70.3%
My Sweet Lord
69.6%
Hungry Heart
67.4%
Runnin' Down a Dream
67.2%
% Correct
Don't Do Me Like That
66.1%
The Man Who Sold the World
65.7%
Subterranean Homesick Blues
65.5%
Rainy Day Women #12 & 35
65%
Atlantic City
63.7%
Tangled Up in Blue
62.9%
After Midnight
62.2%
Refugee
61.9%
Instant Karma
61.9%
Shock the Monkey
60.4%
Solsbury Hill
58.7%
Badlands
57.5%
Pink Houses
57.1%
Just Like a Woman
55.3%
Positively 4th Street
52.7%
Games Without Frontiers
49.5%
Moonage Daydream
48%
The Waiting
45.6%
Cherry Bomb
44.6%
Desolation Row
43.5%
Jungleland
42.5%
You Wreck Me
39.5%
Visions of Johanna
38.3%
Red Rain
37.1%
Mind Games
36.6%
Kozmic Blues
30.9%
Motherless Children
27.3%
Remove Ads.
Support Sporcle.
Get the best of Sporcle when you Go Orange. This ad-free experience offers more features, more stats, and more fun while also helping to support Sporcle. Thank you for becoming a member.

You're not logged in!

Compare scores with friends on all Sporcle quizzes.
OR
Log In

Show Comments

Extras

Top Quizzes Today


Score Distribution

Your Account Isn't Verified!

In order to create a playlist on Sporcle, you need to verify the email address you used during registration. Go to your Sporcle Settings to finish the process.

Report this User

Report this user for behavior that violates our Community Guidelines.

Details: